[Event "Superliga 2011 M"]
[Site "Brasov"]
[Date "2011.10.16"]
[Round "9.1"]
[White "Manole, Vasile"]
[Black "Bonte, Andrei-Mihai"]
[Result "0-1"]
[WhiteElo "2370"]
[BlackElo "2364"]
[Annotator "."]
[PlyCount "94"]
[EventDate "2011.10.08"]

1. e4 c6 2. Nc3 d5 3. Nf3 Bg4 4. h3 Bxf3 5. Qxf3 e6 6. b3 Nf6 7. Bb2 Nbd7 8. d4
Bb4 9. e5 Ne4 10. a3 Bxc3+ 11. Bxc3 O-O 12. Bb4 c5 13. Bxc5 Ndxc5 14. dxc5 f6
15. Bd3 fxe5 16. Qe3 Nxf2 17. O-O Nxd3 18. cxd3 $11 Qc7 19. b4 a5 20. Rxf8+
Rxf8 21. Rc1 axb4 22. axb4 Rf4 23. b5 h5 24. b6 Qb8 25. c6 bxc6 26. Rxc6 Rb4
27. Qc1 Qb7 28. Qc5 Rb1+ 29. Kh2 Qf7 30. Rc8+ Kh7 31. Rf8 Qb7 32. Qc2 Qxb6 33.
d4+ e4 34. Qc8 h4 35. Rh8+ Kg6 36. Qe8+ Kg5 37. Qh5+ Kf4 38. Qxh4+ Ke3 39. Qg5+
Kd3 40. Qg3+ Kxd4 41. Rc8 Qb2 42. Qxg7+ Kd3 43. Qg3+ e3 44. Qg6+ Kd2 45. Qxe6
Qd4 46. Qf5 Qe4 47. Qf6 e2 0-1

[Event "Superliga 2011 M"]
[Site "Brasov"]
[Date "2011.10.16"]
[Round "9.1"]
[White "Szabo, Attila"]
[Black "Chifor, Ovidiu-Emanuel"]
[Result "1-0"]
[WhiteElo "2290"]
[BlackElo "2256"]
[PlyCount "69"]
[EventDate "2011.10.08"]

1. c4 Nf6 2. Nc3 e6 3. e4 c5 4. g3 d5 5. cxd5 exd5 6. e5 d4 7. exf6 dxc3 8.
Qe2+ Be6 9. dxc3 Qxf6 10. Bg2 Nc6 11. Nh3 Bd6 12. Bf4 Bxf4 13. Nxf4 O-O 14. O-O
Bd7 15. Rad1 Rad8 16. Qb5 Ne5 17. Qxb7 Rb8 18. Qxa7 Bc6 19. Nd5 Bxd5 20. Rxd5
Rxb2 21. Qxc5 Nf3+ 22. Bxf3 Qxf3 23. Re1 g6 24. Rde5 Qa8 25. h4 Rxa2 26. h5 Kg7
27. Qd4 Kg8 28. h6 Qa7 29. Rc5 f6 30. Qd5+ Qf7 31. Qxf7+ Rxf7 32. Re8+ Rf8 33.
Re7 Rf7 34. Rc8+ Rf8 35. Rg7+ 1-0

[Event "Superliga 2011 M"]
[Site "Brasov"]
[Date "2011.10.16"]
[Round "9.1"]
[White "Stegariu, Vlad-Ionut"]
[Black "Hajbok, Robert"]
[Result "1/2-1/2"]
[WhiteElo "2206"]
[BlackElo "2272"]
[Annotator "."]
[PlyCount "128"]
[EventDate "2011.10.08"]

1. d4 d5 2. c4 e6 3. Nc3 c6 4. cxd5 exd5 5. Bf4 Bd6 6. Bxd6 Qxd6 7. e3 Bf5 8.
Bd3 Bxd3 9. Qxd3 Nf6 10. Nf3 Nbd7 11. O-O O-O 12. Qf5 Rfe8 13. Nd2 Nb6 14. Rad1
Re7 15. Rfe1 Rae8 16. Qd3 Ng4 17. Nf1 Nc4 18. Re2 Nf6 19. b3 Na3 20. Ng3 Qd8
21. f3 a6 22. Na4 Nd7 23. Nc5 Nxc5 24. dxc5 g6 25. Qc3 $11 Nb5 26. Qd2 Re6 27.
a4 Nc7 28. e4 Qe7 29. Qc2 dxe4 30. Rxe4 f5 31. Rxe6 Qxe6 32. Qd3 Nd5 33. Nf1 a5
34. Qd2 Qe2 35. Rb1 h5 36. Rb2 Qe5 37. Rc2 Kh7 38. Rc4 Nb4 39. Qd4 Qe1 40. Qd2
Re2 41. Qxe1 Rxe1 42. Rd4 Nd5 43. Kf2 Rc1 44. Ne3 Nxe3 45. Kxe3 Kh6 46. b4 Rc2
47. g3 Rxh2 48. bxa5 Rc2 49. Rd7 Rxc5 50. Rxb7 Rxa5 51. Rc7 Ra6 52. a5 Kg5 53.
Rc8 h4 54. gxh4+ Kxh4 55. Kf4 Kh3 56. Kg5 Kg2 57. f4 Kf3 58. Rc7 Ke4 59. Rc8
Rxa5 60. Rxc6 Ra1 61. Re6+ Kf3 62. Rxg6 Rg1+ 63. Kxf5 Rxg6 64. Kxg6 Kxf4
1/2-1/2

[Event "Superliga 2011 M"]
[Site "Brasov"]
[Date "2011.10.16"]
[Round "9.2"]
[White "Ionescu, Constantin"]
[Black "Shishkin, Vadim"]
[Result "1/2-1/2"]
[WhiteElo "2436"]
[BlackElo "2450"]
[Annotator "Robot 3"]
[PlyCount "81"]
[EventDate "2011.10.08"]

1. d4 Nf6 2. c4 g6 3. Nc3 d5 4. e3 Bg7 5. cxd5 Nxd5 6. Nxd5 Qxd5 7. Ne2 c6 8.
Nc3 Qa5 9. Bd2 O-O 10. Bc4 Nd7 11. O-O Qd8 12. Bb3 b6 13. Qf3 Bb7 14. Rfd1 Rc8
15. Ne4 c5 16. Bc3 c4 17. Bc2 Qc7 18. Qh3 Rfd8 19. a4 Bd5 20. f4 Qb7 21. Nf2
Nf6 22. g4 h6 23. Re1 Ne4 24. Nxe4 Bxe4 25. Bxe4 Qxe4 26. Qg2 Qxg2+ 27. Kxg2 f5
28. h3 Kf7 29. Kf3 h5 30. g5 e6 31. Bb4 Rc6 32. Rec1 Rdc8 33. Rc3 Ke8 34. Ke2
a6 35. Kd2 Kd7 36. Rac1 R6c7 37. R1c2 Rc6 38. Rc1 R6c7 39. R1c2 b5 40. axb5
axb5 41. Ra3 1/2-1/2

[Event "Superliga 2011 M"]
[Site "Brasov"]
[Date "2011.10.16"]
[Round "9.2"]
[White "Pavlov, Mircea-Sergiu-Aurel"]
[Black "Busu, Corneliu"]
[Result "1/2-1/2"]
[WhiteElo "2355"]
[BlackElo "2275"]
[Annotator "Robot 3"]
[PlyCount "46"]
[EventDate "2011.10.08"]

1. e4 c5 2. Nf3 e6 3. d4 cxd4 4. Nxd4 a6 5. Bd3 g6 6. c4 Bg7 7. Nb3 Ne7 8. Nc3
d5 9. cxd5 exd5 10. O-O O-O 11. Bg5 f6 12. Be3 dxe4 13. Nxe4 Nbc6 14. Qe2 Ne5
15. Rfd1 Nxd3 16. Rxd3 Qc7 17. Rc1 Nc6 18. Bc5 Rf7 19. Bd6 Qb6 20. Bc5 Qc7 21.
Bd6 Qb6 22. Bc5 Ne5 23. Bd6 Nc6 1/2-1/2

[Event "Superliga 2011 M"]
[Site "Brasov"]
[Date "2011.10.16"]
[Round "9.2"]
[White "Grozav, Valeriu-Gheorghe"]
[Black "Spulber, Cicirone"]
[Result "1/2-1/2"]
[WhiteElo "2166"]
[BlackElo "2239"]
[Annotator "Robot 3"]
[PlyCount "80"]
[EventDate "2011.10.08"]

1. e4 c5 2. c3 d5 3. exd5 Qxd5 4. d4 Nf6 5. Nf3 e6 6. Be2 cxd4 7. cxd4 Nc6 8.
Nc3 Qd6 9. O-O Be7 10. Nb5 Qd8 11. a3 a6 12. Nc3 O-O 13. Be3 b5 14. Rc1 Bb7 15.
Qd2 Na5 16. Qd1 Rc8 17. Ne5 Nd5 18. Bd2 Nxc3 19. Bxc3 Bd5 20. Bf3 Nb3 21. Rc2
Bxf3 22. Nxf3 Qd5 23. Qd3 Rfd8 24. Rd1 Bf6 25. h3 e5 26. Nd2 Nxd4 27. Rcc1 Bg5
28. Rb1 Bxd2 29. Rxd2 Rxc3 30. bxc3 Nf3+ 31. gxf3 Qxd3 32. Rxd3 Rxd3 33. c4 f6
34. cxb5 axb5 35. Rxb5 Rxf3 36. Kg2 Rxa3 37. Rb7 h5 38. Rc7 Kh7 39. Rb7 Kh6 40.
Rf7 Ra4 1/2-1/2

[Event "Superliga 2011 M"]
[Site "Brasov"]
[Date "2011.10.16"]
[Round "9.3"]
[White "Mosnegutu, Klauss"]
[Black "Jobava, Baadur"]
[Result "1/2-1/2"]
[WhiteElo "2240"]
[BlackElo "2712"]
[Annotator "Robot 3"]
[PlyCount "97"]
[EventDate "2011.10.08"]

1. d4 Nf6 2. c4 e6 3. Nf3 Bb4+ 4. Bd2 Bxd2+ 5. Nbxd2 d6 6. e3 O-O 7. Bd3 Nc6 8.
a3 e5 9. dxe5 Nxe5 10. Nxe5 dxe5 11. Qc2 h6 12. h3 Qe7 13. O-O-O Bd7 14. Ne4
Bc6 15. Rd2 Rad8 16. Rhd1 Bxe4 17. Bxe4 c6 18. Bf3 a5 19. Qc3 Rxd2 20. Rxd2 Ra8
21. Kb1 Nd7 22. Bd1 Nc5 23. Bc2 a4 24. Qb4 e4 25. g3 Qe5 26. h4 g5 27. hxg5
hxg5 28. Qb6 Kg7 29. Rd8 Rxd8 30. Qxd8 Nb3 31. Bxb3 axb3 32. Qd2 Qf5 33. Kc1
Qf3 34. Qe1 Kg6 35. Kd2 Qf6 36. Kc1 Qf3 37. Kd2 Qf5 38. Qe2 Qa5+ 39. Kd1 Qc5
40. Kd2 Qe5 41. Kd1 Kf5 42. g4+ Kg6 43. Qd2 Qe6 44. Qe2 Kf6 45. Ke1 Ke7 46. Kd2
Qf6 47. Ke1 Qe6 48. Kd2 Qf6 49. Kd1 1/2-1/2

[Event "Superliga 2011 M"]
[Site "Brasov"]
[Date "2011.10.16"]
[Round "9.3"]
[White "Yemelin, Vasily"]
[Black "Posedaru, Bogdan"]
[Result "1/2-1/2"]
[WhiteElo "2568"]
[BlackElo "2322"]
[Annotator "Robot 3"]
[PlyCount "103"]
[EventDate "2011.10.08"]

1. e4 e5 2. Nf3 Nf6 3. Nc3 Bb4 4. Nxe5 O-O 5. Be2 Re8 6. Nd3 Bxc3 7. dxc3 Nxe4
8. O-O d5 9. Re1 Bf5 10. Bf1 Nd7 11. f3 Nef6 12. Rxe8+ Qxe8 13. Bf4 c6 14. Qd2
Qd8 15. Qf2 Qb6 16. Be3 Qc7 17. Bf4 Qb6 18. a4 Qxf2+ 19. Kxf2 Re8 20. Be3 a6
21. Bd4 Rc8 22. b4 Ne8 23. Re1 Nc7 24. g4 Bxd3 25. Bxd3 Ne6 26. Be3 Ne5 27. Bf1
Kf8 28. h3 Nc4 29. Bxc4 dxc4 30. f4 b5 31. a5 Re8 32. f5 Nc7 33. Bc5+ Kg8 34.
Rxe8+ Nxe8 35. Ke3 Nf6 36. Kd4 Nd7 37. g5 h6 38. gxh6 gxh6 39. Be7 Kg7 40. Ke4
f6 41. Bd6 Kf7 42. Kf3 Kg7 43. Bf4 Ne5+ 44. Ke3 Nd7 45. Ke4 Kh7 46. Kf3 Kg7 47.
Kg4 Ne5+ 48. Kh5 Nd7 49. h4 Kh7 50. Kg4 Kg7 51. Kf3 h5 52. Ke4 1/2-1/2

[Event "Superliga 2011 M"]
[Site "Brasov"]
[Date "2011.10.16"]
[Round "9.3"]
[White "Ionescu, Mihai"]
[Black "Manolache, Marius"]
[Result "0-1"]
[WhiteElo "2340"]
[BlackElo "2535"]
[Annotator "Robot 3"]
[PlyCount "88"]
[EventDate "2011.10.08"]

1. d4 Nf6 2. c4 d6 3. Nc3 g6 4. e4 Bg7 5. Be2 O-O 6. Bg5 Nc6 7. d5 Ne5 8. Qd2
c6 9. Nf3 Nxf3+ 10. Bxf3 Bd7 11. O-O a5 12. Rac1 Rc8 13. h3 a4 14. Rfe1 Re8 15.
dxc6 Bxc6 16. Nd5 Nd7 17. Bg4 Rb8 18. Bxd7 Qxd7 19. Be3 b5 20. Bd4 e5 21. Bc3
bxc4 22. a3 Rb5 23. Nb4 Bb7 24. Rcd1 Bf8 25. Qe2 Rc5 26. Qe3 Qe6 27. Rd2 f5 28.
f3 Re7 29. Red1 Rf7 30. Nd5 h5 31. Bb4 Rc6 32. Nc3 Kh7 33. Rd5 Ra6 34. Rb5 Bh6
35. Qe2 fxe4 36. fxe4 Qf6 37. Nd5 Qh4 38. Be1 Qd8 39. Qxc4 Ra7 40. Bf2 Bxd5 41.
Rbxd5 Rxf2 42. Kxf2 Qb6+ 43. Ke1 Rf7 44. Rc5 Kg7 0-1

[Event "Superliga 2011 M"]
[Site "Brasov"]
[Date "2011.10.16"]
[Round "9.3"]
[White "Rogozenco, Dorian"]
[Black "Miroiu, George-Catalin"]
[Result "1/2-1/2"]
[WhiteElo "2552"]
[BlackElo "2281"]
[Annotator "Robot 3"]
[PlyCount "26"]
[EventDate "2011.10.08"]

1. d4 Nf6 2. c4 c6 3. Nc3 d5 4. Nf3 g6 5. Bf4 Bg7 6. e3 O-O 7. h3 a6 8. Rc1 b5
9. cxb5 axb5 10. Bd3 Qa5 11. O-O b4 12. Ne2 Nfd7 13. Bb1 Bb7 1/2-1/2

[Event "Superliga 2011 M"]
[Site "Brasov"]
[Date "2011.10.16"]
[Round "9.3"]
[White "Baciu, Stefan"]
[Black "Ardelean, George-Catalin"]
[Result "0-1"]
[WhiteElo "2217"]
[BlackElo "2491"]
[PlyCount "58"]
[EventDate "2011.10.08"]

1. d4 Nf6 2. c4 c5 3. d5 e6 4. Nc3 exd5 5. cxd5 d6 6. e4 g6 7. h3 Bg7 8. Bd3
O-O 9. Bg5 Re8 10. Nf3 c4 11. Bc2 b5 12. a3 Nbd7 13. O-O Nc5 14. Re1 a6 15. Qd2
Qc7 16. e5 dxe5 17. d6 Qb6 18. Nxe5 Bb7 19. Rad1 Rad8 20. Bxf6 Bxf6 21. Nd5
Bxd5 22. Qxd5 Re6 23. Ng4 Rdxd6 24. Nxf6+ Rxf6 25. Re8+ Kg7 26. Qa8 Ne6 27.
Rg8+ Kh6 28. Rf1 Rd2 29. Qe4 Rf4 0-1

[Event "Superliga 2011 M"]
[Site "Brasov"]
[Date "2011.10.16"]
[Round "9.3"]
[White "Petrisor, Adrian-Marian"]
[Black "Anuta, Elefterie-Laurentiu"]
[Result "1-0"]
[WhiteElo "2388"]
[BlackElo "2024"]
[Annotator "Robot 3"]
[PlyCount "83"]
[EventDate "2011.10.08"]

1. Nf3 e6 2. g3 b6 3. Bg2 Bb7 4. O-O Nf6 5. c4 Be7 6. d4 O-O 7. Nc3 Ne4 8. Qc2
f5 9. Ne5 Nd6 10. Rd1 Bxg2 11. Kxg2 Nf7 12. Nd3 Bf6 13. e3 Qc8 14. d5 e5 15. f4
e4 16. Nf2 d6 17. b3 Nd7 18. Bb2 a6 19. Ne2 Bxb2 20. Qxb2 Qe8 21. Nd4 Nd8 22.
h3 Qg6 23. Kh2 Qf6 24. Qe2 Rc8 25. g4 fxg4 26. Qxg4 Rf7 27. Nxe4 Qg6 28. Ng5 h5
29. Qf3 Rf6 30. Rg1 Qe8 31. Ne4 Rf7 32. Rg5 Nf6 33. Nxf6+ Rxf6 34. Rag1 Rf7 35.
Qg3 Qd7 36. Nf5 Kf8 37. Nxg7 c6 38. Nxh5 Ke7 39. Rg8 Qf5 40. Ng7 Qf6 41. Qg4
Rb8 42. Re8# 1-0

[Event "Superliga 2011 M"]
[Site "Brasov"]
[Date "2011.10.16"]
[Round "9.4"]
[White "Jianu, Vlad-Cristian"]
[Black "Nisipeanu, Liviu-Dieter"]
[Result "1/2-1/2"]
[WhiteElo "2502"]
[BlackElo "2638"]
[PlyCount "81"]
[EventDate "2011.10.08"]

1. c4 c5 2. g3 g6 3. Bg2 Bg7 4. Nc3 Nc6 5. Nf3 e5 6. a3 a5 7. d3 Nge7 8. O-O d6
9. Bd2 O-O 10. Rb1 h6 11. Ne1 Be6 12. Nd5 Rb8 13. b4 axb4 14. axb4 cxb4 15. Nc2
b5 16. Ncxb4 Nxb4 17. Bxb4 Nf5 18. e3 Qd7 19. Qb3 bxc4 20. dxc4 Rb7 21. Qd3
Rfb8 22. Ba3 Rxb1 23. Rxb1 Rxb1+ 24. Qxb1 Qa4 25. Qd3 Qa6 26. h3 h5 27. Qb3 Kh7
28. Bf1 Qa5 29. Qb4 Qa7 30. Bg2 Bxd5 31. Bxd5 Nxe3 32. Qxd6 Nxd5 33. cxd5 h4
34. Qe7 Qd4 35. Qxh4+ Qxh4 36. gxh4 Kg8 37. d6 Bf6 38. Bb4 Bd8 39. Kg2 f6 40.
f4 exf4 41. Kf3 1/2-1/2

[Event "Superliga 2011 M"]
[Site "Brasov"]
[Date "2011.10.16"]
[Round "9.4"]
[White "Iordachescu, Viorel"]
[Black "Filip, Lucian"]
[Result "1-0"]
[WhiteElo "2646"]
[BlackElo "2483"]
[PlyCount "55"]
[EventDate "2011.10.08"]

1. d4 Nf6 2. c4 e6 3. Nc3 Bb4 4. e3 O-O 5. Bd3 c5 6. Nf3 d5 7. O-O cxd4 8. exd4
dxc4 9. Bxc4 a6 10. a3 Bxc3 11. bxc3 b5 12. Bd3 Bb7 13. a4 Qc7 14. Bd2 bxa4 15.
Ne5 Nbd7 16. Re1 Nxe5 17. Rxe5 Bc6 18. Bg5 Nd5 19. c4 Ne7 20. Qh5 Nf5 21. Bf6
gxf6 22. Rxf5 exf5 23. Bxf5 Rfe8 24. Qxh7+ Kf8 25. Qh8+ Ke7 26. Re1+ Kd8 27.
Qxf6+ Re7 28. d5 1-0

[Event "Superliga 2011 M"]
[Site "Brasov"]
[Date "2011.10.16"]
[Round "9.4"]
[White "Balla, Tamas-Kristof"]
[Black "Marin, Mihail"]
[Result "1/2-1/2"]
[WhiteElo "2378"]
[BlackElo "2550"]
[PlyCount "71"]
[EventDate "2011.10.08"]

1. d4 Nf6 2. c4 e6 3. Nc3 Bb4 4. Qc2 Nc6 5. Nf3 d6 6. Bd2 O-O 7. a3 Bxc3 8.
Bxc3 Qe7 9. b4 e5 10. d5 Nb8 11. e4 Nh5 12. O-O-O a5 13. Nd2 axb4 14. axb4 f5
15. f3 Bd7 16. exf5 Bxf5 17. Ne4 Nd7 18. g3 Bg6 19. Be2 Nhf6 20. Rhf1 c6 21.
dxc6 bxc6 22. Bd3 d5 23. Nxf6+ Rxf6 24. Bxg6 hxg6 25. cxd5 cxd5 26. Rxd5 Qf7
27. Rfd1 Ra7 28. Bb2 Nf8 29. Rxe5 Rxf3 30. Qe4 Rb3 31. Qd5 Rc7+ 32. Kb1 Rxb4
33. Qxf7+ Rxf7 34. Rd2 Nd7 35. Re8+ Kh7 36. Rc2 1/2-1/2

[Event "Superliga 2011 M"]
[Site "Brasov"]
[Date "2011.10.16"]
[Round "9.4"]
[White "Miron, Lucian-Costin"]
[Black "Vasilescu, Lucian-Mihail"]
[Result "1-0"]
[WhiteElo "2514"]
[BlackElo "2295"]
[PlyCount "71"]
[EventDate "2011.10.08"]

1. d4 c5 2. d5 g6 3. c4 Bg7 4. Nc3 d6 5. Nf3 f5 6. g3 Nd7 7. Bg2 Bxc3+ 8. bxc3
Qa5 9. Nd2 Nb6 10. O-O Nf6 11. Qb3 Bd7 12. a4 O-O 13. Ra3 Nxa4 14. Qa2 Rab8 15.
e4 fxe4 16. Nxe4 a6 17. Bh6 Rfe8 18. Nxf6+ exf6 19. Bf4 b5 20. Bxd6 b4 21. Rb3
Qb6 22. Bxb8 Rxb8 23. cxb4 cxb4 24. Rfb1 a5 25. Ra3 bxa3 26. Rxb6 Rxb6 27. h3
Rb4 28. Qxa3 Rxc4 29. Qe7 Nc5 30. Qxf6 a4 31. d6 Rc1+ 32. Kh2 Rd1 33. Qd8+ Kg7
34. Qe7+ Kg8 35. Qe2 Rd3 36. Qc2 1-0

[Event "Superliga 2011 M"]
[Site "Brasov"]
[Date "2011.10.16"]
[Round "9.4"]
[White "Bach, Adrian-Kalman"]
[Black "Doncea, Vladimir"]
[Result "1-0"]
[WhiteElo "2270"]
[BlackElo "2384"]
[PlyCount "75"]
[EventDate "2011.10.08"]

1. e4 c5 2. Nf3 e6 3. d4 cxd4 4. Nxd4 Nf6 5. Nc3 Nc6 6. Ndb5 Bb4 7. a3 Bxc3+ 8.
Nxc3 d5 9. exd5 exd5 10. Bd3 O-O 11. O-O d4 12. Ne2 Bg4 13. f3 Bh5 14. Bg5 Bg6
15. Qd2 Qd6 16. Rad1 Nh5 17. Bxg6 Qxg6 18. Bh4 Rfe8 19. Rf2 Rac8 20. Nxd4 Nxd4
21. Qxd4 Rxc2 22. Qd7 Rcc8 23. Qxb7 h6 24. Qb5 Re3 25. Rfd2 Kh7 26. Bf2 Rxf3
27. Qb7 Rc6 28. Qxa7 Rb3 29. Qd4 Rf6 30. Be3 Re6 31. Rd3 Rb5 32. b4 Re4 33. Qa7
Nf6 34. Rd8 Rbe5 35. Qa8 Qh5 36. Bf2 Ng4 37. Bg3 Rf5 38. Qxe4 1-0

[Event "Superliga 2011 M"]
[Site "Brasov"]
[Date "2011.10.16"]
[Round "9.4"]
[White "Georgescu, Tiberiu-Marian"]
[Black "Bida, Mihai-Eugen"]
[Result "1/2-1/2"]
[WhiteElo "2391"]
[BlackElo "2141"]
[Annotator "."]
[PlyCount "73"]
[EventDate "2011.10.08"]

1. Nf3 Nf6 2. c4 e6 3. g3 d5 4. d4 dxc4 5. Bg2 c5 6. O-O Nc6 7. dxc5 Qxd1 8.
Rxd1 Bxc5 9. Nbd2 c3 10. bxc3 O-O 11. Ne1 Rd8 12. Nd3 Be7 13. Nb3 Nd5 14. Bd2
Bd7 15. c4 Nb6 16. Na5 Rab8 17. Rab1 Rdc8 18. c5 Nxa5 19. Bxa5 Nd5 20. Nf4 Bc6
$11 21. Nxd5 Bxd5 22. Bxd5 exd5 23. Rxd5 Bxc5 24. Rbd1 h6 25. Rd7 b6 26. Bd2
Rd8 27. Bf4 Rxd7 28. Rxd7 Re8 29. Kf1 a5 30. f3 Be3 31. Bc7 Re6 32. Bd6 g5 33.
Ke1 Kg7 34. Kd1 Kg6 35. Kc2 Bg1 36. e4 Bxh2 37. Kd3 1/2-1/2

[Event "Superliga 2011 M"]
[Site "Brasov"]
[Date "2011.10.16"]
[Round "9.5"]
[White "Lupulescu, Constantin"]
[Black "Dobre, Claudiu-Cristian"]
[Result "1-0"]
[WhiteElo "2655"]
[BlackElo "2344"]
[Annotator "Robot 3"]
[PlyCount "97"]
[EventDate "2011.10.08"]

1. d4 d5 2. c4 c6 3. Nf3 Nf6 4. e3 Bg4 5. Nc3 e6 6. h3 Bxf3 7. Qxf3 Nbd7 8. Bd3
Bb4 9. O-O O-O 10. Qd1 Qe7 11. Qc2 dxc4 12. Bxc4 c5 13. Rd1 Rfd8 14. Be2 cxd4
15. Rxd4 Ne5 16. Rxd8+ Rxd8 17. Bd2 h6 18. a3 Ba5 19. Rd1 Qc7 20. Qa4 a6 21.
Nb5 axb5 22. Qxa5 Qxa5 23. Bxa5 Rxd1+ 24. Bxd1 Nc4 25. Be1 Nxb2 26. Be2 Nc4 27.
a4 Nd6 28. Bb4 Nfe8 29. axb5 g6 30. g4 f6 31. f3 Nc8 32. h4 Nc7 33. f4 b6 34.
Bc4 Nd5 35. Ba3 Kg7 36. Kf2 Nc7 37. g5 hxg5 38. hxg5 fxg5 39. Bb2+ Kf7 40. Be5
Nd5 41. fxg5 Nde7 42. Kf3 Nf5 43. Kf4 Ke7 44. Bf6+ Kd6 45. e4 Nfe7 46. Bb2 e5+
47. Bxe5+ Kc5 48. Be2 Nd6 49. Bg7 1-0

[Event "Superliga 2011 M"]
[Site "Brasov"]
[Date "2011.10.16"]
[Round "9.5"]
[White "Berescu, Alin-Mile"]
[Black "Cioara, Andrei-Nestor"]
[Result "0-1"]
[WhiteElo "2495"]
[BlackElo "2436"]
[Annotator "Robot 3"]
[PlyCount "66"]
[EventDate "2011.10.08"]

1. e4 c6 2. d4 d5 3. f3 e6 4. Nc3 Bb4 5. Bd2 Ne7 6. Bd3 b6 7. Nce2 Bxd2+ 8.
Qxd2 Ba6 9. Bxa6 Nxa6 10. Nh3 O-O 11. O-O c5 12. c3 cxd4 13. cxd4 dxe4 14. fxe4
e5 15. d5 Nc5 16. Nc3 a5 17. d6 Nc6 18. Qd5 Qd7 19. Rad1 h6 20. Rf5 Rad8 21.
Nf2 Kh7 22. Nb5 f6 23. Rf3 Ne6 24. Rb3 a4 25. Rc3 Ncd4 26. Nxd4 Nxd4 27. Rc7
Qxd6 28. Qb7 Rg8 29. h3 Kh8 30. Rf7 Rb8 31. Qa6 Qe6 32. Ra7 Qxa2 33. Qxa4 Qxb2
0-1